INFORME FINAL DEL EJERCICIO PROFESIONAL SUPERVISADO, DISEÑO Y PLANIFICACIÓN INSTITUTO, MÓDULO DE AULAS, INSTITUTO NORMAL MIXTO DEL NORTE EMILIO ROSALES PONCE, MICRO REGIÓN URBANA, Y DISEÑO Y PLANIFICACIÓN APERTURA DE CARRETERA ALDEA CHIONON II, MICRO REGIÓN IV SANTO DOMINGO, COBÁN, ALTA VERAPAZ./ (Registro nro. 2032)

Detalles MARC
000 -LEADER
campo de control de longitud fija 03226nam a22003377a 4500
001 - NÚMERO DE CONTROL
campo de control TIC 0041
003 - IDENTIFICADOR DE NÚMERO DE CONTROL
campo de control gtcocun
005 - FECHA Y HORA DE LA ÚLTIMA TRANSACCIÓN
campo de control 20250922162231.0
006 - CÓDIGOS DE INFORMACIÓN DE LONGITUD FIJA--CARACTERÍSTICAS DEL MATERIAL ADICIONAL
campo de control de longitud fija a||||gr|||| 00| 0
007 - CAMPO FIJO DE DESCRIPCIÓN FÍSICA--INFORMACIÓN GENERAL
campo de control de longitud fija ta
008 - DATOS DE LONGITUD FIJA--INFORMACIÓN GENERAL
campo de control de longitud fija 250922b2024 gt ||||| m||| 00| 0 eng d
040 ## - FUENTE DE CATALOGACIÓN
Centro catalogador/agencia de origen gtcocun
Lengua de catalogación SPA
Centro/agencia transcriptor gtcocun
Normas de descripción RDA
041 ## - CÓDIGO DE IDIOMA
Código de lengua del texto/banda sonora o título independiente SPA TIC 0041
084 ## - OTRO NÚMERO DE CLASIFICACIÓN
Número de control del registro de autoridad o número normalizado TIC 0041
100 ## - ENTRADA PRINCIPAL--NOMBRE DE PERSONA
Nombre de persona Lázaro Pacay, Boris Fernando
Término indicativo de función/relación Autor
245 ## - MENCIÓN DEL TÍTULO
Título INFORME FINAL DEL EJERCICIO PROFESIONAL SUPERVISADO, DISEÑO Y PLANIFICACIÓN INSTITUTO, MÓDULO DE AULAS, INSTITUTO NORMAL MIXTO DEL NORTE EMILIO ROSALES PONCE, MICRO REGIÓN URBANA, Y DISEÑO Y PLANIFICACIÓN APERTURA DE CARRETERA ALDEA CHIONON II, MICRO REGIÓN IV SANTO DOMINGO, COBÁN, ALTA VERAPAZ./
Mención de responsabilidad, etc. Boris Fernando Lázaro Pacay.
Medio Impreso
264 ## - PRODUCCIÓN, PUBLICACIÓN, DISTRIBUCIÓN, FABRICACIÓN Y COPYRIGHT
Producción, publicación, distribución, fabricación y copyright Cobán, Alta Verapaz:
Nombre del de productor, editor, distribuidor, fabricante Universidad de San Carlos de Guatemala, Centro Universitario del Norte, Ingeniería Civil
Fecha de producción, publicación, distribución, fabricación o copyright 2024
300 ## - DESCRIPCIÓN FÍSICA
Extensión 295 p.:
Otras características físicas Ilustraciones, gráficas.
Dimensiones 28 cm;
300 ## - DESCRIPCIÓN FÍSICA
Dimensiones PDF
336 ## - TIPO DE CONTENIDO
Fuente rdacontenido
Término de tipo de contenido Texto
Código de tipo de contenido txt
337 ## - TIPO DE MEDIO
Fuente rdamedio
Nombre/término del tipo de medio Computadora
Código del tipo de medio n
338 ## - TIPO DE SOPORTE
Fuente rdasoporte
Nombre/término del tipo de soporte Código en línea
Código del tipo de soporte cr
502 ## - NOTA DE TESIS
identificador de la tesis TIC 0041
502 ## - NOTA DE TESIS
Nota de tesis Tesis de grado
Tipo de título Ingeniería Civil,
Nombre de la institución que otorga el título Universidad de San Carlos de Guatemala, Centro Universitario del Norte, Ingeniería Civil
Año de obtención del título 2024
Identificador de la tesis TIC 0041
520 14 - RESUMEN, ETC.
Sumario, etc. A través del Ejercicio Profesional Supervisado EPS desarrollado en la municipalidad de Cobán, Alta Verapaz se realizó una investigación de necesidades y se determinó que una de las deficiencias era la falta de cobertura en el casco urbano para la demanda educativa para los niveles de básico y diversificado.<br/>Se propuso un módulo ampliatorio para el instituto Emilio Rosales Ponce, que consta de dos niveles con 14 aulas y un salón de computación, acceso mediante gradas y rampa, además, se propuso la rehabilitación de la cancha polideportiva y un módulo de baños y vestidores. El diseño estructural se hizo mediante las Normas de Seguridad Estructural NSE de la Asociación Guatemalteca de Ingeniería Estructural y Sísmica AGIES. Las cargas asignadas son de acuerdo a norma NSE-2 y las cargas por sismo se calcularon mediante el método de carga equivalente de la norma NSE-3. El análisis estructural se realizó mediante el método de kani y se compararon con resultados de software SAP2000,<br/>el diseño de los elementos de concreto fue hecho con el código ACI 318-19.<br/>En cuanto al acceso a servicios, se diseñó una apertura de carretera que conecta la aldea de Chionon II y la aldea Sarrachoch para facilitar el acceso de vehículos para transportar mercadería, acceder a centros educativos y servicios de salud. Se utilizaron normativas de la Dirección General de Caminos DGC, AASHTO, y Manual Centroamericano de la<br/>SIECA para diseñar un tramo de una vía con longitud de 1 134.00 metros y un ancho de calzada de 4.00 metros.
650 14 - PUNTO DE ACCESO ADICIONAL DE MATERIA--TÉRMINO DE MATERIA
Fuente del encabezamiento o término LEMB
Término de materia o nombre geográfico como elemento de entrada Cobán, Alta Verapaz
Subdivisión general Ingeniería
-- Concreto
-- Método
-- Sismo
-- Alineamiento
-- Sección
700 ## - ENTRADA AGREGADA--NOMBRE PERSONAL
Nombre de persona Ing. Jorge Haroldo Dubón Xitumul
Término indicativo de función/relación Asesor
856 ## - LOCALIZACIÓN Y ACCESO ELECTRÓNICOS
Identificador Uniforme de Recurso <a href="https://drive.google.com/file/d/1nUCFqYyuVy4pHmYScJ-TdVvvLoTcs2-q/view">https://drive.google.com/file/d/1nUCFqYyuVy4pHmYScJ-TdVvvLoTcs2-q/view</a>
Texto de enlace PDF
Nota pública Un ejemplar en línea.
942 ## - ELEMENTOS DE ENTRADA SECUNDARIOS (KOHA)
Fuente de la clasificación o esquema de estantería Clasificación Decimal Dewey
Tipo de ítem Koha TESIS
Parte de la signatura que identifica el ejemplar (Parte del ítem) TIC 0041
Prefijo de la signatura Clasificación
Suprimir en OPAC No
-- TIC_0041_000000000000000
Existencias
Estatus retirado Estado de pérdida Fuente de la clasificación o esquema de estantería Estado de daño No para préstamo Colección Biblioteca de origen Biblioteca actual Ubicación en estantería Fecha de adquisición Número de inventario Total de préstamos Signatura topográfica completa Código de barras Visto por última vez Precio de reemplazo Tipo de ítem Koha
    Clasificación Decimal Dewey     tesis BIBLIOTECA- CUNOR -JOSÉ LUIS GONZALES ROSALES BIBLIOTECA- CUNOR -JOSÉ LUIS GONZALES ROSALES Colección tesis 16/09/2025 TIC 0041   TIC 0041 TIC 0041 16/09/2025 16/09/2025 TESIS